|
|
|
แสดงรายละเอียดบรรณานุกรม |
|
|||
| ห้องสมุดโรงเรียนพะเยาพิทยาคม...ยินดีต้อนรับ...ทุกท่านเข้าสู่ระบบห้องสมุดอัตโนมัติ | ||||
|
Brief Record
: Get Marc (ISO 2709)
: E-mail record
: |
|
|
| LEADER 00000nam 2200000uu 4500 | |||
| 001 13399118352 | |||
| 003 ULIBM | |||
| 008 170412s2559||||th 000 0 tha d | |||
| 020 ^a9786163015266 | |||
| 082 0 ^aอ355.02^bร912ก | |||
| 100 0 ^aไรคาร์ท, โจน. | |||
| 245 00 ^aมหาสงคราม และกองกำลังก้องโลก /^cโดย โจน ไรคาร์ท และคณะ. | |||
| 250 ^aพิมพ์ครั้งที่ 1. | |||
| 260 ^aกรุงเทพฯ :^bยิปซี กรุ๊ป,^c2559. | |||
| 300 ^a255 หน้า :^bภาพประกอบ ;^c28 ซม. | |||
| 650 ^aการรบ. | |||
| 650 ^aสงคราม^xประวัติ. | |||
| 650 ^aการต่อสู้. | |||
| 700 ^aไรคาร์ท, โจน. | |||
| 700 0 ^aพิราภรณ์ ขจรพันธ์. | |||
| 999 ^aจริญญา | |||
| คุณยังไม่ได้ล็อกอิน คุณสามารถมีกิจกรรมร่วมกับเว็บไซต์ได้ แต่ต้องล็อกอินก่อน :: |
|
| สถานะ | |||||||||
| 1. | หนังสืออ้างอิง | อ355.02 ร912ก 2559 c.1 Barcode: 49623 | ►หนังสืออ้างอิง | On Shelf | |||||
| 2. | หนังสืออ้างอิง | อ355.02 ร912ก 2559 c.2 Barcode: 49624 | ►หนังสืออ้างอิง | On Shelf | |||||
| [แสดง 2/2 รายการ] | |||||||||
หนังสือดีน่าอ่าน

“ดั่งดวงแก้ว ส่องสว่าง ทางสายงาม”
จัดทำขึ้นเพื่อเฉลิมพระเกียรติ สมเด็จพระเทพรัตนราชสุดา ฯ สยามบรมราชกุมารี
เนื่องในโอกาสมหามงคลเฉลิมพระชนมพรรษา ๕ รอบ ๒ เมษายน ๒๕๕๘
โดยหนังสือเล่มนี้ได้รวบรวม ๖๐ พระอัจฉริยภาพของสมเด็จพระเทพ ฯ
ผู้อ่านจะได้รับแรงบันดาลใจให้พากเพียรเรียนรู้และขยันอดทนทำการงาน
ตามรอยเบื้องพระยุคลบาท เพราะพระองค์ทรงเป็นแบบอย่างอันดีเยี่ยมในทุกด้าน
ทั้งในความใฝ่รู้ใฝ่เรียน คุณธรรมจริยธรรม พระวิริยอุตสาหะในการทรงงาน
และอื่นๆอีกมากมาย ล้วนสามารถสร้างแรงบันดาลใจให้แก่เด็กและเยาวชน
อีกทั้งประชาชนทั่วไป ให้พากเพียรเรียนรู้และขยันอดทนทำการงานตามรอยพระยุคลบาท
เพื่อฝึกฝนตนเองให้เป็นคนดีคนเก่งของครอบครัวและสังคมต่อไป

แสดงความเห็นเกี่ยวกับหนังสือเล่มนี้ |
| คอมเมนท์ทรัพยากรรายการนี้ |
|
ห้องสมุดเฉลิมพระเกียรติกาญจนาภิเษก โรงเรียนพะเยาพิทยาคม อำเภอเมือง จังหวัดพะเยา 56000
![]()
![]()
E-mail :
Library Phayaopittayakom
05-4431-275 ต่อ 4621